Cambio estructural y crecimiento económico (Registro nro. 4358)

Detalles MARC
000 -LEADER
fixed length control field 01488 a2200229 4500
001 - CONTROL NUMBER
control field 47419
005 - DATE AND TIME OF LATEST TRANSACTION
control field 20260407155741.0
008 - FIXED-LENGTH DATA ELEMENTS--GENERAL INFORMATION
fixed length control field 260407a1985 arg spa d
003 - CONTROL NUMBER IDENTIFIER
control field AR-UNSa-BCEJYS
040 ## - CATALOGING SOURCE
Original cataloging agency AR-UNSa-BCEJYS
Language of cataloging spa
Transcribing agency AR-UNSa-BCEJYS
080 ## - UNIVERSAL DECIMAL CLASSIFICATION NUMBER
Universal Decimal Classification number 330.35
Common auxiliary subdivision Crecimiento económico
020 ## - INTERNATIONAL STANDARD BOOK NUMBER
International Standard Book Number 84-368-0262-4
100 1# - MAIN ENTRY--PERSONAL NAME
Personal name Ahijado, Manuel
245 10 - TITLE STATEMENT
Title Cambio estructural y crecimiento económico
264 #1 - PRODUCTION, PUBLICATION, DISTRIBUTION, MANUFACTURE, AND COPYRIGHT NOTICE
Place of production, publication, distribution, manufacture Madrid :
Name of producer, publisher, distributor, manufacturer Ediciones Pirámide
Date of production, publication, distribution, manufacture, or copyright notice 1985
300 ## - PHYSICAL DESCRIPTION
Extent 270 p.
Dimensions 23 cm.
505 ## - FORMATTED CONTENTS NOTE
Formatted contents note 1. Introducción -- Parte I: Un modelo multisectorial de crecimiento económico: 2. El proceso de producción en el corto plazo - 3. El caso más simple de expansión económica: crecimiento de la población con rendimientos constantes a escala - 4. Problemas relacionados con el cambio técnico. Establecimiento de las bases de un análisis general dinámico - 5. Un modelo dinámico general multisectorial - 6. El significado empírico del análisis verticalmente integrado -- Parte II: 7. Los rasgos <naturales> de un sistema económico en crecimiento - 8. El tipo de interés <natural> - 9. La acumulación de capital y los problemas relacionados con ella - 10. La dinámica estructural de un sistema económico en crecimiento - 11. Relaciones económicas internacionales.
590 ## - LOCAL NOTE (RLIN)
Local note niveau_biblio:m niveau_hierar:0
700 1# - ADDED ENTRY--PERSONAL NAME
Personal name Pasinetti, Luigi
856 41 - ELECTRONIC LOCATION AND ACCESS
Uniform Resource Identifier <a href="https://www.biblioeco.unsa.edu.ar/pmb/images/libros/L127501.jpg">https://www.biblioeco.unsa.edu.ar/pmb/images/libros/L127501.jpg</a>
Link text Imagen de portada
Electronic format type image/jpeg
942 ## - ADDED ENTRY ELEMENTS (KOHA)
Koha item type
Existencias
Withdrawn status Lost status Damaged status Not for loan Home library Current library Shelving location Date acquired Total checkouts Full call number Barcode Date last seen Price effective from Koha item type
        Biblioteca Prof. Eusebio Cleto del Rey Biblioteca Prof. Eusebio Cleto del Rey   07/04/2026   330.35 P282 L127501 07/04/2026 07/04/2026 Libro